| 000 | 00924nam a2200205 i 4500 | ||
|---|---|---|---|
| 001 | 190102 | ||
| 003 | ES-MaACL | ||
| 005 | 20250909200115.0 | ||
| 008 | 200729s1895 sp |||| | spa d | ||
| 245 | 0 | 0 |
_aDiscursos... en el Congreso de los Diputados... / _cpor... D. Gumersindo de Azcárate, D. Antonio Maura y Montaner, D. Francisco Romero Robledo.. y D. Antonio Barroso y Castillo con motivo de la discusión del presupuesto de establecimientos penitenciarios. |
| 260 |
_aMadrid : _b[s.n.], _c1895. |
||
| 650 | 4 |
_aEstablecimientos penitenciarios- _zEspaña. _9145832 |
|
| 650 | 4 |
_aPresupuestos- _zEspaña. _9152607 |
|
| 700 | 1 |
_aAzcárate, Gumersindo de, _d1840-1917 _924243 |
|
| 700 | 1 |
_aMaura y Montaner, Antonio, _d1853-1925 _979224 |
|
| 700 | 1 |
_aRomero Robledo, Francisco, _d1838-1906 _999432 |
|
| 700 | 1 |
_aBarroso y Castillo, Antonio. _9170213 |
|
| 852 |
_aES-MaACL _jT-795-F-6 |
||
| 999 |
_c190102 _d190102 |
||